| 000 | 00428nam a2200181Ia 4500 | ||
|---|---|---|---|
| 001 | 4378 | ||
| 005 | 20260306145751.0 | ||
| 008 | 260306t1994||||xx |||||||||||||| ||spa|| | ||
| 041 | _aESP | ||
| 082 |
_a320.985 _bP66 |
||
| 100 |
_aPlanas, Pedro [1961-2001] _eAUT |
||
| 245 | 0 | _aLa república autocrática | |
| 260 | _c1994 | ||
| 300 |
_a263 páginas : _c23 cm. |
||
| 650 | _aGEN | ||
| 654 | _aCDE | ||
| 942 |
_cLIB _dJUS _fJUS _2ddc _n |
||
| 999 |
_c4378 _d4378 |
||